Luyện giải và ôn tập hóa học lớp 11

Đã lưu trong:
书目详细资料
主要作者: Phạm, Văn Hoan
格式: 图书
语言:Undetermined
出版: Hà Nội Giáo dục Việt Nam 2010
主题:
标签: 添加标签
没有标签, 成为第一个标记此记录!
Thư viện lưu trữ: Trung tâm Học liệu Trường Đại học Cần Thơ
LEADER 00676nam a2200205Ia 4500
001 CTU_185067
008 210402s9999 xx 000 0 und d
020 |c 30500 
082 |a 540.76 
082 |b H406 
100 |a Phạm, Văn Hoan 
245 0 |a Luyện giải và ôn tập hóa học lớp 11 
245 0 |c Phạm Văn Hoan, Hoàng Hồng Thái, Vũ Quốc Trung (Chủ biên) 
260 |a Hà Nội 
260 |b Giáo dục Việt Nam 
260 |c 2010 
650 |a Chemistry,Hóa học 
650 |x Problems, exercises, etc.,Câu hỏi, bài tập 
904 |i Hải 
980 |a Trung tâm Học liệu Trường Đại học Cần Thơ